| 000 | 00472nam a2200193Ia 4500 | ||
|---|---|---|---|
| 008 | 210210b1951 xxu||||| |||| 00| 0 eng d | ||
| 041 | _aeng | ||
| 082 | _a825/848 | ||
| 100 | _aTHOMPSON (J A K) | ||
| 245 | _aClassical influences on English poetry | ||
| 260 |
_aLondon _bGeorge Allen & Unwin Ltd _c1951 |
||
| 650 | _apoetry | ||
| 650 | _aon | ||
| 650 | _ainfluences | ||
| 650 | _aEnglish | ||
| 650 | _aClassical | ||
| 690 | _aEnglish Criticism | ||
| 906 | _a015163 | ||
| 999 |
_c134481 _d134481 |
||